000 00660nam 22002293 4500
001 200796
010 _a978-972-41-5080-2
021 _b253225/07
_aPT
090 _a200796
100 _a20231003d u||y0pory50 ba
200 _aAs bicicletas em setembro
_fBaptista-Bastos
205 _a
210 _aLisboa
_cAsa
_d2007
215 _a122, [22] p.
_cbrochado
_d21 cm
225 _aBiblioteca Baptista-Bastos
317 _a. -Oferta com dedicatória do escritor ao Prof. Almeida Faria
606 _aLiteratura Portuguesa
_96
675 _a821.134.3-3
_vPT
_zpor
700 _93517
_aBastos
_bBaptista
801 _aPT
_bBMMN
_gRPC
830 _cAna
_fAna
990 _cLIVROS